000 00516 a2200169 4500
005 20260424144751.0
008 260420b |||||||| |||| 00| 0 eng d
020 _a9788126439171
080 _a92(ABD)=M
_bABD/V
100 _aA. P. J. Abdul Kalam
245 _aVazhithirivukal (A P J Abdulkalam)(വഴിത്തിരിവുകൾ)
260 _bD C books.
_aKottayam.
_c2024.
300 _a176p.
653 _aAutobiography-Malayalam Translation
700 _aRobi Augustine Mundackal;tr.by
942 _cBK
999 _c115241
_d115240